Managing in construction supply chains and markets (Record no. 103152)
[ view plain ]
| 000 -LEADER | |
|---|---|
| fixed length control field | 01570cam a2200265 4500 |
| 001 - CONTROL NUMBER | |
| control field | ##L124120 |
| 008 - FIXED-LENGTH DATA ELEMENTS--GENERAL INFORMATION | |
| fixed length control field | 031029n2006 000 0 eng u |
| 020 ## - INTERNATIONAL STANDARD BOOK NUMBER | |
| International Standard Book Number | 0727730010 |
| 035 ## - SYSTEM CONTROL NUMBER | |
| System control number | (Sirsi) u124120 |
| 041 0# - LANGUAGE CODE | |
| Language code of text/sound track or separate title | eng |
| 050 04 - LIBRARY OF CONGRESS CALL NUMBER | |
| Classification number | 658.99 $2 18 |
| 100 1# - MAIN ENTRY--PERSONAL NAME | |
| Personal name | Cox, Andrew |
| 245 00 - TITLE STATEMENT | |
| Title | Managing in construction supply chains and markets |
| Remainder of title | reactive and proactive options for improving performance and relationship management |
| 260 ## - PUBLICATION, DISTRIBUTION, ETC. | |
| Place of publication, distribution, etc. | London |
| Name of publisher, distributor, etc. | Thomas Telford |
| Date of publication, distribution, etc. | 2006 |
| 300 ## - PHYSICAL DESCRIPTION | |
| Extent | xv, 293p. |
| Dimensions | 25cm. |
| 350 ## - PRICE (NR) (BK AM CF MU VM SE) [OBSOLETE] | |
| Price | 49.10 |
| 505 2# - FORMATTED CONTENTS NOTE | |
| Formatted contents note | Part A Introduction -- Part B1 Cases in construction relationship management and performance outcomes: reactive sourcing approaches -- Part B2 Cases in construction relationship management and performance outcomes: proactive sourcing approaches -- Part C Conclusions. |
| 520 ## - SUMMARY, ETC. | |
| Summary, etc. | Presents current debates within construction management thinking about how to improve corporate performance by the use of alternative ways of managing buyer and supplier relationships in construction supply chains and markets. The discussion is informed by 16 detailed case studies of alternative forms of proactive and reactive relationship management in construction. Considers in conclusion how managers might think about appropriateness and apply this way of thinking to a more effective selection of sourcing and relationship management options in the future. |
| 590 ## - LOCAL NOTE (RLIN) | |
| Local note | IKA180706 |
| 651 #4 - SUBJECT ADDED ENTRY--GEOGRAPHIC NAME | |
| Geographic name | United Kingdom |
| Chronological subdivision | |
| 690 ## - LOCAL SUBJECT ADDED ENTRY--TOPICAL TERM (OCLC, RLIN) | |
| Topical term or geographic name as entry element | Construction management |
| 9 (RLIN) | 6230 |
| 700 1# - ADDED ENTRY--PERSONAL NAME | |
| Personal name | Ireland, Paul |
| 700 1# - ADDED ENTRY--PERSONAL NAME | |
| Personal name | Townsend, Mike |
| 942 ## - ADDED ENTRY ELEMENTS (KOHA) | |
| Suppress in OPAC | 0 |
| Withdrawn status | Lost status | Source of classification or shelving scheme | Damaged status | Not for loan | Home library | Current library | Shelving location | Date acquired | Cost, normal purchase price | Total Checkouts | Full call number | Barcode | Date last seen | Date last checked out | Copy number | Cost, replacement price | Price effective from | Koha item type |
|---|---|---|---|---|---|---|---|---|---|---|---|---|---|---|---|---|---|---|
| Dewey Decimal Classification | London | London | Books | 13/07/2006 | 49.10 | 9 | 658.99 COX | 30071980 | 06/08/2019 | 15/02/2010 | 1 | 49.10 | 06/08/2019 | Book |